[Event "DEM U14 2019"]
[Site "Willingen GER"]
[Date "2019.06.11"]
[Round "4"]
[White "Evering, Sören"]
[Black "Bethke, Richard"]
[Result "0-1"]
[Termination "normal"]
[Board "3"]
[WhiteElo "1879"]
[BlackElo "2246"]
[WhiteClock "00:06:59"]
[BlackClock "00:55:18"]
[PlyCount "98"]
[WhiteFideId "12974650"]
[BlackFideId "12959243"]
[EventCountry "GER"]
[EventRounds "9"]
[EventType "swiss"]
[EventDate "2019.06.08"]

1. e4 {[%clk 1:30:58]} 1... c5 {[%clk 1:30:56]} 2. Nf3 {[%clk 1:31:20]} 2... d6
{[%clk 1:31:21]} 3. d4 {[%clk 1:31:35]} 3... cxd4 {[%clk 1:31:44]} 4. Nxd4 {
[%clk 1:31:52]} 4... Nf6 {[%clk 1:32:11]} 5. Nc3 {[%clk 1:32:14]} 5... a6 {
[%clk 1:32:36]} 6. f3 {[%clk 1:32:10]} 6... e5 {[%clk 1:30:56]} 7. Nb3 { [%clk
1:32:31]} 7... Be7 {[%clk 1:29:37]} 8. Be3 {[%clk 1:31:56]} 8... Be6 { [%clk
1:29:29]} 9. Qd2 {[%clk 1:31:54]} 9... O-O {[%clk 1:29:43]} 10. O-O-O { [%clk
1:29:10]} 10... Nbd7 {[%clk 1:29:47]} 11. g4 {[%clk 1:27:54]} 11... b5 { [%clk
1:30:14]} 12. g5 {[%clk 1:22:30]} 12... b4 {[%clk 1:30:04]} 13. gxf6 { [%clk
1:17:16]} 13... bxc3 {[%clk 1:30:30]} 14. Qxc3 {[%clk 1:17:38]} 14... Nxf6
{[%clk 1:30:56]} 15. Na5 {[%clk 1:07:36]} 15... Rc8 {[%clk 1:29:35]} 16. Nc6
{[%clk 1:06:36]} 16... Qd7 {[%clk 1:29:36]} 17. Nxe7+ {[%clk 1:06:29]} 17...
Qxe7 {[%clk 1:30:01]} 18. Qa5 {[%clk 1:05:14]} 18... Rc6 {[%clk 1:29:58]} 19.
Rg1 {[%clk 0:58:27]} 19... Rfc8 {[%clk 1:26:38]} 20. Rg2 {[%clk 0:53:19]} 20...
Qc7 {[%clk 1:18:28]} 21. Qxc7 {[%clk 0:52:20]} 21... R8xc7 { [%clk 1:18:49]}
22. Kb1 {[%clk 0:49:56]} 22... Kf8 {[%clk 1:16:43]} 23. Rgd2 { [%clk 0:41:21]}
23... Ke7 {[%clk 1:13:49]} 24. Be2 {[%clk 0:25:22]} 24... Nh5 { [%clk 1:09:10]}
25. Rg1 {[%clk 0:22:54]} 25... g6 {[%clk 1:04:52]} 26. h4 { [%clk 0:19:31]}
26... f6 {[%clk 0:59:47]} 27. Bd3 {[%clk 0:13:38]} 27... Bc4 { [%clk 0:55:37]}
28. Bxc4 {[%clk 0:13:08]} 28... Rxc4 {[%clk 0:56:02]} 29. Rgd1 {[%clk 0:12:07]}
29... R7c6 {[%clk 0:54:58]} 30. c3 {[%clk 0:11:27]} 30... f5 { [%clk 0:52:12]}
31. exf5 {[%clk 0:09:36]} 31... gxf5 {[%clk 0:52:35]} 32. Rg1 { [%clk 0:06:06]}
32... Ke6 {[%clk 0:47:51]} 33. Bg5 {[%clk 0:04:32]} 33... d5 { [%clk 0:44:28]}
34. Re1 {[%clk 0:03:49]} 34... a5 {[%clk 0:41:17]} 35. Rde2 { [%clk 0:04:06]}
35... e4 {[%clk 0:41:33]} 36. fxe4 36... dxe4 {[%clk 0:41:27]} 37. Re3 {[%clk
0:03:13]} 37... Ke5 {[%clk 0:40:48]} 38. Kc2 {[%clk 0:02:12]} 38... Nf6 {[%clk
0:36:51]} 39. Rd3 {[%clk 0:01:17]} 39... Nd5 {[%clk 0:36:33]} 40. Kd2 {[%clk
0:00:53]} 40... a4 {[%clk 0:32:43]} 41. a3 {[%clk 0:25:04]} 41... h6 {[%clk
1:02:07]} 42. Bd8 {[%clk 0:24:31]} 42... Rg6 {[%clk 1:02:06]} 43. Kc1 {[%clk
0:23:20]} 43... f4 {[%clk 1:00:40]} 44. Ba5 {[%clk 0:20:08]} 44... Rg2 {[%clk
0:58:33]} 45. Bb4 {[%clk 0:15:09]} 45... e3 {[%clk 0:54:50]} 46. Bf8 {[%clk
0:12:38]} 46... Ke4 {[%clk 0:54:53]} 47. Rdd1 {[%clk 0:11:03]} 47... f3 {[%clk
0:54:47]} 48. Bxh6 {[%clk 0:08:27]} 48... f2 {[%clk 0:55:08]} 49. Rf1 {[%clk
0:06:59]} 49... e2 {[%clk 0:55:18]} 0-1

[Event "DEM U14 2019"]
[Site "Willingen GER"]
[Date "2019.06.11"]
[Round "4"]
[White "Wellßow, Keoki"]
[Black "Haufe, Laurin"]
[Result "0-1"]
[Termination "normal"]
[Board "19"]
[WhiteElo "1509"]
[BlackElo "1995"]
[WhiteClock "00:00:53"]
[BlackClock "00:04:13"]
[PlyCount "108"]
[WhiteFideId "16251075"]
[BlackFideId "12976504"]
[EventCountry "GER"]
[EventRounds "9"]
[EventType "swiss"]
[EventDate "2019.06.08"]

1. c4 {[%clk 1:30:54]} 1... Nf6 {[%clk 1:30:56]} 2. g3 {[%clk 1:31:09]} 2... g6
{[%clk 1:31:11]} 3. Bg2 {[%clk 1:31:02]} 3... Bg7 {[%clk 1:31:34]} 4. Nc3 {
[%clk 1:30:52]} 4... c5 {[%clk 1:31:32]} 5. e3 {[%clk 1:29:53]} 5... O-O {
[%clk 1:31:09]} 6. Nge2 {[%clk 1:28:45]} 6... Nc6 {[%clk 1:30:58]} 7. O-O {
[%clk 1:27:31]} 7... d6 {[%clk 1:30:18]} 8. d3 {[%clk 1:26:05]} 8... a6 { [%clk
1:26:27]} 9. a3 {[%clk 1:17:55]} 9... Rb8 {[%clk 1:24:55]} 10. Rb1 { [%clk
1:12:42]} 10... Bd7 {[%clk 1:19:15]} 11. b4 {[%clk 1:06:05]} 11... b6 { [%clk
1:16:11]} 12. b5 {[%clk 1:00:58]} 12... axb5 {[%clk 1:14:06]} 13. Nxb5 { [%clk
0:59:47]} 13... Na5 {[%clk 1:09:40]} 14. Bd2 {[%clk 0:53:46]} 14... Bg4 { [%clk
0:55:25]} 15. h3 {[%clk 0:48:58]} 15... Bc8 {[%clk 0:54:21]} 16. Na7 { [%clk
0:33:45]} 16... Qc7 {[%clk 0:47:47]} 17. Nxc8 {[%clk 0:25:22]} 17... Rfxc8
{[%clk 0:46:41]} 18. Nc3 {[%clk 0:21:26]} 18... Nc6 {[%clk 0:42:49]} 19. Nb5
{[%clk 0:17:26]} 19... Qd7 {[%clk 0:40:48]} 20. Bxc6 {[%clk 0:12:36]} 20...
Rxc6 {[%clk 0:39:22]} 21. Kh2 {[%clk 0:12:16]} 21... Rcc8 {[%clk 0:37:47]} 22.
Rb3 {[%clk 0:09:34]} 22... h5 {[%clk 0:37:06]} 23. f4 {[%clk 0:08:40]} 23... e6
24. Qb1 {[%clk 0:04:59]} 24... Rb7 {[%clk 0:32:32]} 25. Nc3 {[%clk 0:02:50]}
25... Qc6 {[%clk 0:31:38]} 26. e4 {[%clk 0:00:32]} 26... Kh7 {[%clk 0:26:05]}
27. e5 {[%clk 0:00:37]} 27... dxe5 {[%clk 0:25:04]} 28. fxe5 {[%clk 0:01:02]}
28... Nd7 {[%clk 0:25:13]} 29. Bf4 {[%clk 0:00:41]} 29... Nxe5 {[%clk 0:18:08]}
30. Ne4 {[%clk 0:00:56]} 30... f5 {[%clk 0:13:45]} 31. Ng5+ {[%clk 0:00:59]}
31... Kg8 {[%clk 0:14:10]} 32. Qd1 {[%clk 0:00:47]} 32... Nf7 {[%clk 0:12:06]}
33. Nxf7 {[%clk 0:00:47]} 33... Kxf7 {[%clk 0:11:31]} 34. Re1 {[%clk 0:01:04]}
34... Re8 {[%clk 0:11:15]} 35. Be5 {[%clk 0:01:00]} 35... Bxe5 {[%clk 0:11:02]}
36. Rxe5 {[%clk 0:01:25]} 36... Qd6 {[%clk 0:10:33]} 37. Qe2 {[%clk 0:01:20]}
37... Qd4 {[%clk 0:10:14]} 38. Qe3 {[%clk 0:01:14]} 38... Qa1 {[%clk 0:08:37]}
39. Rb5 {[%clk 0:01:00]} 39... Ree7 {[%clk 0:07:51]} 40. d4 {[%clk 0:00:31]}
40... cxd4 {[%clk 0:06:03]} 41. Qh6 {[%clk 0:28:45]} 41... Qa2+ {[%clk 0:33:59]
} 42. Kg1 {[%clk 0:28:40]} 42... Qxc4 {[%clk 0:27:44]} 43. Qh7+ {[%clk 0:26:19]
} 43... Kf6 {[%clk 0:25:51]} 44. Qh8+ {[%clk 0:24:29]} 44... Kg5 { [%clk
0:21:07]} 45. h4+ {[%clk 0:23:01]} 45... Kg4 {[%clk 0:21:28]} 46. Qh6 { [%clk
0:22:06]} 46... Rbc7 {[%clk 0:14:21]} 47. Qf4+ {[%clk 0:19:15]} 47... Kh3
{[%clk 0:14:40]} 48. Kf2 {[%clk 0:12:07]} 48... Qd3 {[%clk 0:08:54]} 49. Rb2 {
[%clk 0:08:36]} 49... Rc3 {[%clk 0:07:28]} 50. Rd2 {[%clk 0:01:44]} 50... Qxg3+
{[%clk 0:04:03]} 51. Qxg3+ {[%clk 0:02:12]} 51... Rxg3 {[%clk 0:04:27]} 52.
Rxd4 {[%clk 0:02:21]} 52... Rg4 {[%clk 0:04:29]} 53. Rd3+ {[%clk 0:01:35]}
53... Kxh4 {[%clk 0:04:44]} 54. Rb3 {[%clk 0:00:53]} 54... Ra4 {[%clk 0:04:13]}
0-1